|
|
|
|
| LEADER |
01361cam a2200361Ia 4500 |
| 001 |
9780203408612 |
| 003 |
FlBoTFG |
| 005 |
20091230162920.0 |
| 006 |
a|||||s||||||||||| |
| 007 |
cr|||| |
| 008 |
970918s1997 enkab sb 001 0deng d |
| 020 |
|
|
|a 9780203408612 (e-book : PDF)
|
| 040 |
|
|
|a FlBoTFG
|c FlBoTFG
|d GrThAP
|
| 043 |
|
|
|a e------
|a ff-----
|a aw-----
|
| 090 |
|
|
|a DG254
|b .G66 1997
|
| 092 |
|
|
|a 937
|b G653
|
| 100 |
1 |
|
|a Goodman, Martin,
|d 1953-
|
| 245 |
1 |
4 |
|a The Roman world, 44 BC-AD 180
|h [electronic resource] /
|c Martin Goodman, with the assistance of Jane Sherwood.
|
| 246 |
3 |
|
|a Roman world, 44 B.C.-A.D. 180
|
| 260 |
|
|
|a London ;
|a New York :
|b Routledge,
|c 1997.
|
| 300 |
|
|
|a xxiii, 380 p. :
|b ill., maps.
|
| 490 |
1 |
|
|a Routledge history of the ancient world
|
| 504 |
|
|
|a Includes bibliographical references (p. [331]-365) and index.
|
| 530 |
|
|
|a Also available in print edition.
|b CRC Press (http://www.crcpress.com)
|
| 538 |
|
|
|a Mode of access: World Wide Web.
|
| 651 |
|
0 |
|a Rome
|x Civilization.
|
| 651 |
|
0 |
|a Rome
|x History
|y Republic, 265-30 B.C.
|
| 651 |
|
0 |
|a Rome
|x History
|y Empire, 30 B.C.-284 A.D.
|
| 655 |
|
7 |
|a Electronic books.
|2 lcsh
|
| 700 |
1 |
|
|a Sherwood, Jane.
|
| 776 |
1 |
|
|z 9780415049696
|
| 830 |
|
0 |
|a Routledge history of the ancient world.
|
| 856 |
4 |
0 |
|u http://www.tandfebooks.com/isbn/9780203408612
|z Full Text via HEAL-Link
|